| 000 | 01396cam a2200301 a 4500 | ||
|---|---|---|---|
| 090 | _c10421 | ||
| 001 | 2127409 | ||
| 005 | 20030709200833.0 | ||
| 008 | 971112s1998 caua b 001 0 eng | ||
| 010 | _a97047159 | ||
| 020 | _a1558604677(cloth) | ||
| 020 | _a1558605355 (paper) | ||
| 040 |
_aDLC _cDLC _dDLC |
||
| 050 | 0 | 0 |
_aQ335 _b.N495 1998 |
| 082 | 0 | 0 |
_a006.3 _221 _bNIL |
| 100 | 1 |
_aNilsson, Nils J., _d1933- |
|
| 245 | 1 | 0 |
_aArtificial Intelligence : _bA New Synthesis / _cNils J. Nilsson. |
| 260 |
_aSan Francisco, Calif. : _bMorgan Kaufmann Publishers, _cc1998. |
||
| 300 |
_axxi, 513 p. : _bill. ; _c24 cm. |
||
| 504 | _aIncludes bibliographical references (p. 453-492) and index. | ||
| 650 | 0 | _aArtificial intelligence. | |
| 856 | 4 | 2 |
_3Publisher description _uhttp://www.loc.gov/catdir/description/els032/97047159.html |
| 856 | 4 | 1 |
_3Table of contents _uhttp://www.loc.gov/catdir/toc/els032/97047159.html |
| 942 |
_2ddc _cBB |
||
| 999 |
_c10421 _d10421 |
||